[Event "FRA-ch Accession"]
[Site "Aix les Bains"]
[Date "2003.08.28"]
[Round "1"]
[White "Bujisho, Benjamin"]
[Black "Mendeiros, Jerome"]
[Result "1/2-1/2"]
[WhiteElo "2402"]
[BlackElo "2211"]
[PlyCount "73"]
[EventDate "2003.08.19"]
[EventType "swiss"]
[EventRounds "11"]
[EventCountry "FRA"]
[SourceTitle "EXT 2004"]
[Source "ChessBase"]
[SourceDate "2003.11.25"]
[SourceVersion "1"]
[SourceVersionDate "2003.11.25"]
[SourceQuality "1"]

1. d4 Nf6 2. c4 g6 3. Nc3 d5 4. cxd5 Nxd5 5. e4 Nxc3 6. bxc3 Bg7 7. Bc4 c5 8. Be3 Nc6 9. Ne2 0-0 10. 0-0 Qc7 11. Rc1 Rd8 12. f4 Bg4 13. d5 Na5 14. Bd3 c4 15. Bb1 e6 16. h3 Bxe2 17. Qxe2 exd5 18. e5 Re8 19. Qf3 Rad8 20. h4 Nc6 21. Rfd1 Qd7 22. h5 Qe6 23. Rd2 b6 24. Rcd1 Ne7 25. Bf2 f6 26. hxg6 hxg6 27. exf6 Qxf6 28. Bd4 Qf7 29. Bf2 Qf6 30. Qg4 Qf7 31. Bh4 Bxc3 32. Re2 Bf6 33. f5 Bxh4 34. fxg6 Nxg6 35. Bxg6 Qg7 36. Rxe8+ Rxe8 37. Qxh4 1/2-1/2

[Event "FRA-ch Accession"]
[Site "Aix les Bains"]
[Date "2003.08.22"]
[Round "4"]
[White "Mendeiros, Jerome"]
[Black "Doucet, Christian"]
[Result "0-1"]
[WhiteElo "2211"]
[BlackElo "2301"]
[PlyCount "72"]
[EventDate "2003.08.19"]
[EventType "swiss"]
[EventRounds "11"]
[EventCountry "FRA"]
[SourceTitle "EXT 2004"]
[Source "ChessBase"]
[SourceDate "2003.11.25"]
[SourceVersion "1"]
[SourceVersionDate "2003.11.25"]
[SourceQuality "1"]

1. e4 e6 2. d4 d5 3. Nd2 Nf6 4. e5 Nfd7 5. f4 c5 6. c3 Nc6 7. Ndf3 Qb6 8. g3 cxd4 9. cxd4 Bb4+ 10. Kf2 g5 11. fxg5 Ndxe5 12. Nxe5 Nxe5 13. Kg2 Nc6 14. Nf3 Bf8 15. b3 Bg7 16. Bb2 h6 17. Qd2 Bd7 18. Rc1 Qb4 19. Bc3 Qe7 20. h4 hxg5 21. hxg5 Rxh1 22. Kxh1 f6 23. Bd3 fxg5 24. Bg6+ Kd8 25. Nxg5 Bh6 26. Nf7+ Qxf7 27. Qxh6 Qf3+ 28. Kh2 Qf2+ 29. Kh1 Kc7 30. Rc2 Qf1+ 31. Kh2 Rf8 32. Qh3 Qf6 33. Bh5 Rh8 34. g4 Be8 35. Qg3+ Kb6 36. Qd6 Bxh5 0-1

[Event "FRA-ch Accession"]
[Site "Aix les Bains"]
[Date "2003.08.21"]
[Round "9"]
[White "Flament, Francois"]
[Black "Mendeiros, Jerome"]
[Result "1/2-1/2"]
[WhiteElo "2125"]
[BlackElo "2211"]
[PlyCount "67"]
[EventDate "2003.08.19"]
[EventType "swiss"]
[EventRounds "11"]
[EventCountry "FRA"]
[SourceTitle "EXT 2004"]
[Source "ChessBase"]
[SourceDate "2003.11.25"]
[SourceVersion "1"]
[SourceVersionDate "2003.11.25"]
[SourceQuality "1"]

1. d4 Nf6 2. Bg5 c5 3. d5 Qb6 4. Bxf6 gxf6 5. Qc1 f5 6. e3 Bg7 7. c3 d6 8. Nd2 Nd7 9. Nh3 Nf6 10. Nf4 0-0 11. Bc4 Re8 12. Qc2 e5 13. Ne2 Bd7 14. a4 Qc7 15. 0-0 b6 16. e4 Nxe4 17. Nxe4 fxe4 18. Qxe4 f5 19. Qd3 Rf8 20. Ng3 Qd8 21. f4 exf4 22. Nh5 Be5 23. Nxf4 Qh4 24. g3 Qg4 25. Bb5 Rf7 26. Bxd7 Rxd7 27. Qf3 Rf7 28. Rf2 a6 29. Raf1 Qxf3 30. Rxf3 Bxf4 31. Rxf4 Raf8 32. Re1 Kg7 33. Re6 Rf6 34. Re7+ 1/2-1/2

[Event "FRA-ch Accession"]
[Site "Aix les Bains"]
[Date "2003.08.19"]
[Round "1"]
[White "Boukobza, Adrien"]
[Black "Mendeiros, Jerome"]
[Result "0-1"]
[WhiteElo "2119"]
[BlackElo "2211"]
[PlyCount "52"]
[EventDate "2003.08.19"]
[EventType "swiss"]
[EventRounds "11"]
[EventCountry "FRA"]
[SourceTitle "EXT 2004"]
[Source "ChessBase"]
[SourceDate "2003.11.25"]
[SourceVersion "1"]
[SourceVersionDate "2003.11.25"]
[SourceQuality "1"]

1. d4 Nf6 2. c4 g6 3. Nc3 d5 4. Nf3 Bg7 5. Bg5 Ne4 6. cxd5 Nxg5 7. Nxg5 e6 8. Qd2 h6 9. Nf3 exd5 10. e3 0-0 11. Bd3 Be6 12. 0-0 Nd7 13. Qc2 f5 14. Ne2 c6 15. Nd2 Qe7 16. g4 Qg5 17. Kh1 fxg4 18. Bxg6 Rf6 19. Nf4 Rxf4 20. exf4 Qxf4 21. f3 Qxd4 22. Rae1 Nf8 23. fxg4 Qxg4 24. Rxe6 Nxe6 25. Bf7+ Kh8 26. Rg1 Nd4 0-1

[Event "Syre Memorial op 26th"]
[Site "Issy les Moulineaux"]
[Date "2003.05.29"]
[Round "1.23"]
[White "Valbuena, Alvaro"]
[Black "Mendeiros, Jerome"]
[Result "0-1"]
[WhiteElo "2069"]
[BlackElo "2198"]
[PlyCount "58"]
[EventDate "2003.05.29"]
[EventType "swiss"]
[EventRounds "6"]
[EventCountry "FRA"]
[SourceTitle "CBM 094 Extra"]
[Source "ChessBase"]
[SourceDate "2003.07.09"]
[SourceVersion "2"]
[SourceVersionDate "2003.07.09"]
[SourceQuality "1"]

1. e4 c5 2. Nf3 Nc6 3. d4 cxd4 4. Nxd4 Nf6 5. Nc3 e5 6. Ndb5 d6 7. Bd3 a6 8. Na3 b5 9. Ne2 Be7 10. 0-0 0-0 11. h3 Be6 12. f4 d5 13. exd5 Bxd5 14. fxe5 Nxe5 15. Bg5 Qb6+ 16. Kh1 Rfd8 17. Nf4 Nxd3 18. cxd3 Bb7 19. Nc2 Rac8 20. Rc1 Re8 21. d4 Ne4 22. Bxe7 Rxe7 23. Qd3 Rec7 24. Ne2 Qg6 25. Kg1 Nc3 26. Nf4 Qxd3 27. Nxd3 Ne2+ 28. Kf2 Nxc1 29. Nc5 Nd3+ 0-1

[Event "Noisy le Grand op"]
[Site "Noisy le Grand"]
[Date "2003.??.??"]
[Round "4"]
[White "Mendeiros, Jerome"]
[Black "Truong, Try"]
[Result "1-0"]
[WhiteElo "2198"]
[BlackElo "1840"]
[PlyCount "55"]
[EventDate "2003.05.??"]
[EventType "swiss"]
[EventRounds "7"]
[EventCountry "FRA"]
[SourceTitle "EXT 2005"]
[Source "ChessBase"]
[SourceDate "2004.11.15"]
[SourceVersion "1"]
[SourceVersionDate "2004.11.15"]
[SourceQuality "1"]

1. e4 g6 2. d4 Bg7 3. Nc3 d6 4. f4 e6 5. Nf3 Ne7 6. Be2 b6 7. 0-0 Bb7 8. Be3 Nd7 9. Kh1 0-0 10. Qd2 c5 11. Rad1 cxd4 12. Bxd4 e5 13. Be3 exf4 14. Bxf4 Nc5 15. Bxd6 Nxe4 16. Nxe4 Bxe4 17. Qb4 Bxc2 18. Bxe7 Bxd1 19. Rxd1 Qc7 20. Bxf8 Bxf8 21. Qd2 a5 22. b3 Bc5 23. Bc4 Kg7 24. Ng5 Rf8 25. Qc3+ Kh6 26. Qf6 Qe7 27. Nxf7+ Kh5 28. Qf3+ 1-0

[Event "FRA-ch qual"]
[Site "Bescanon"]
[Date "1999.08.18"]
[Round "1"]
[White "Mendeiros, Jerome"]
[Black "Marcelin, Cyril"]
[Result "0-1"]
[WhiteElo "2203"]
[BlackElo "2395"]
[PlyCount "54"]
[EventDate "1999.08.18"]
[EventType "swiss"]
[EventRounds "11"]
[EventCountry "FRA"]
[SourceTitle "EXT 2000"]
[Source "ChessBase"]
[SourceDate "1999.11.16"]
[SourceVersion "1"]
[SourceVersionDate "1999.11.16"]
[SourceQuality "1"]

1. e4 c5 2. Nf3 Nc6 3. d4 cxd4 4. Nxd4 Nf6 5. Nc3 d6 6. Bg5 e6 7. Qd2 a6 8. 0-0-0 Bd7 9. f4 b5 10. Bxb5 axb5 11. Ndxb5 Nb4 12. a3 Na2+ 13. Kb1 Nxc3+ 14. Nxc3 Bc6 15. Qe3 Qa5 16. Bxf6 gxf6 17. Nd5 Be7 18. Rhe1 Bxd5 19. exd5 e5 20. Qb3 0-0 21. Re3 Rab8 22. Rg3+ Kh8 23. Qf3 Rg8 24. fxe5 fxe5 25. Qf5 Rxg3 26. hxg3 Qxa3 27. b3 Ra8 0-1

[Event "Paris op"]
[Site "Paris"]
[Date "1998.??.??"]
[Round "4"]
[White "Shirazi, Kamran"]
[Black "Mendeiros, Jerome"]
[Result "1-0"]
[WhiteElo "2410"]
[BlackElo "2205"]
[PlyCount "68"]
[EventDate "1998.07.??"]
[EventType "swiss"]
[EventRounds "9"]
[EventCountry "FRA"]
[SourceTitle "EXT 2000"]
[Source "ChessBase"]
[SourceDate "1999.11.16"]
[SourceVersion "1"]
[SourceVersionDate "1999.11.16"]
[SourceQuality "1"]

1. e4 c5 2. Nf3 Nc6 3. d4 cxd4 4. Nxd4 Nf6 5. Nc3 e5 6. Ndb5 d6 7. Nd5 Nxd5 8. exd5 Nb8 9. c4 Be7 10. c5 0-0 11. Bc4 Na6 12. Nxd6 Bxd6 13. cxd6 Qxd6 14. 0-0 Nc7 15. a4 Rd8 16. b3 Nxd5 17. Ba3 Qf6 18. Bb2 Ne3 19. Bxf7+ Kh8 20. fxe3 Rxd1 21. Raxd1 Qb6 22. Bxe5 Qxe3+ 23. Kh1 Bg4 24. Rde1 Qc5 25. Bc4 Bh5 26. Rf5 Qb4 27. Ref1 Bg6 28. Bc3 Qd6 29. Rd5 Qc7 30. Rfd1 Be8 31. R1d3 Qf4 32. Rf3 Qc1+ 33. Rf1 Qa3 34. Bd4 b6 1-0